| 000 | 00663aam a2200241 4500 | ||
|---|---|---|---|
| 005 | 20241009113637.0 | ||
| 008 | 150720b xxu||||| |||| 00| 0 spa d | ||
| 020 | _a9788436819366 | ||
| 041 | _aEspañol | ||
| 082 | _a658.3 B191t | ||
| 100 | _aBallenato Prieto, Guillermo | ||
| 245 | _aTrabajo en equipo: dinámica y participación en los grupos | ||
| 260 |
_aEspaña _bPiramide _c2005 |
||
| 300 | _a165 páginas | ||
| 650 | _aADMINISTRACIÓN DE PERSONAL | ||
| 650 | _aTRABAJO EN EQUIPO | ||
| 650 | _aREUNIONES | ||
| 650 | _aLIDERAZGO | ||
| 650 | _aMANEJO DE CONFLICTOS | ||
| 650 | _aTOMA DE DECISIONES | ||
| 650 | _aTEORIA DE GRUPOS | ||
| 942 | _cBK | ||
| 999 |
_c1911 _d1911 |
||